| 000 | 00361nam a2200145Ia 4500 | ||
|---|---|---|---|
| 008 | 240624s9999 xx 000 0 und d | ||
| 041 | _aeng | ||
| 082 | _a303.48 JAN | ||
| 100 | _aJANDT FRED E | ||
| 245 | _aINTRODUCTION TO INTERCULTURAL COMMUNICAT | ||
| 250 | _a(6th ed.) | ||
| 260 |
_c2009 _aNew Delhi _bSage Publications |
||
| 300 | _a440p. | ||
| 365 |
_c _b30 |
||
| 999 |
_c14217 _d14217 |
||